Teaching of mathematics, general mathematics and arithmetic in public secondary and high schools for whites in South Africa (Record no. 1356108)

MARC details
000 -LEADER
fixed length control field 00659nam a2200193Ia 4500
005 - DATE AND TIME OF LATEST TRANSACTION
control field 20250508155330.0
008 - FIXED-LENGTH DATA ELEMENTS--GENERAL INFORMATION
fixed length control field 008 250505s9999 xx 000 0 eng d
037 ## - SOURCE OF ACQUISITION
Stock number Books to be hide in OPAC
040 ## - CATALOGING SOURCE
Original cataloging agency FEDL
Language of cataloging eng
Transcribing agency FEDL
041 ## - LANGUAGE CODE
Language code of text/sound track or separate title eng
Source of code eng
084 ## - COLON CLASSIFICATION NUMBER
Classification number 510.709 68, NAT/O
Assigning agency FEDL
100 ## - MAIN ENTRY--PERSONAL NAME
Personal name Rooy A J Van
9 (RLIN) 766877
245 #0 - TITLE STATEMENT
Title Teaching of mathematics, general mathematics and arithmetic in public secondary and high schools for whites in South Africa
245 #0 - TITLE STATEMENT
Statement of responsibility, etc. National Bureau Of Educational and Social Research
260 ## - PUBLICATION, DISTRIBUTION, ETC.
Date of publication, distribution, etc. 1965
300 ## - PHYSICAL DESCRIPTION
Extent xxi,411p.
942 ## - ADDED ENTRY ELEMENTS (KOHA)
Koha item type Books to be hide in OPAC
Classification part 510.709 68, NAT/O
Holdings
Withdrawn status Lost status Damaged status Not for loan Home library Current library Date acquired Total Checkouts Full call number Barcode Date last seen Price effective from Koha item type
        Department of Education Library Department of Education Library 2025-05-08   510.709 68, NAT/O EL0041130 2025-05-08 2025-05-08 Books to be hide in OPAC
Copyright @ Delhi University Library System